00546nam a2200169 i 4500001000700000003000900007005001700016008004100033080002200074100002100096245004200117250003300159260003400192300002200226500003300248852009500281182082ES-MaACL20230906221526.0130603s1959 sp |||| | spa d a894.511-311.2"19"1 aHerczeg, Ferenc.14aLos Gyurkovics / cFrancisco Herczeg. aEdición fuera de comercio. aBarcelona : bMargen, c1959. a155 p. ; c19 cm. aUna Novela para el Médico. aES-MaACLj2132-F-8 z.- Donat. herederos de la biblioteca de Mª del Pilar Costa Palacín